| 000 | 00723nac a22001811u 4500 | ||
|---|---|---|---|
| 008 | 080902s1992 su||||||r||| 000 0dra d | ||
| 020 | _a9775224047 | ||
| 082 |
_bك ر د _a121 _222 |
||
| 110 |
_aAl Maahad Al Alamey Lel Fekr Al Islamey _916343 |
||
| 245 |
_aنظرية المعرفة بين القرآن والفلسفة / _cراجح عبد الحميد الكردي |
||
| 260 |
_aالرياض : _bمكتبة المؤيد،1992 _c1992. |
||
| 300 |
_a825 ص ؛ _c24 سم |
||
| 504 | _aيحتوي علي إرجاعات ببليوجرافية وفهارس | ||
| 511 | _aCatalogued by: Sara | ||
| 541 | _aألف باء ؛ | ||
| 650 |
_aالقرآن والفلسفة _916515 |
||
| 942 |
_cBB _k121ك ر د _2ddc |
||
| 999 |
_c6749 _d6749 |
||